[Event "World Team-ch Women 2019"]
[Site "Astana"]
[Date "2019.03.07"]
[Round "3.17"]
[White "Karavade, Eesha"]
[Black "Danielian, Elina"]
[Result "1/2-1/2"]
[WhiteElo "2357"]
[BlackElo "2402"]
[Annotator "NA"]
[PlyCount "92"]
[EventDate "2019.02.05"]
[EventType "team-tourn"]
[EventCountry "KAZ"]
[SourceTitle "playchess.com"]
[Source "ChessBase"]
[SourceQuality "1"]
[WhiteTeam "India"]
[BlackTeam "Armenia"]
[WhiteTeamCountry "IND"]
[BlackTeamCountry "ARM"]
[TimeControl "40/5400+30:1800+30"]

1. e4 {[%emt 0:00:00]} e6 {[%emt 0:00:37]} 2. d4 {[%emt 0:00:05]} d5 {[%emt 0:00:04]} 3. Nd2 {[%emt 0:00:06]} c5 {[%emt 0:01:07]} 4. exd5 {[%emt 0:00:35]} exd5 {[%emt 0:00:04]} 5. Ngf3 {[%emt 0:00:06]} Nf6 {[%emt 0:00:14]} 6. Bb5+ {[%emt 0:00:23]} Bd7 {[%emt 0:00:05]} 7. Bxd7+ {[%emt 0:00:14]} Nbxd7 {[%emt 0:00:09]} 8. O-O {[%emt 0:00:10]} Be7 {[%emt 0:00:02]} 9. dxc5 {[%emt 0:00:14]} Nxc5 {[%emt 0:00:04]} 10. Nb3 {[%emt 0:01:04]} Nce4 {[%emt 0:00:57]} 11. Nfd4 {[%emt 0:00:14]} Qd7 {[%emt 0:01:32]} 12. f3 {[%emt 0:00:30]} Nd6 {[%emt 0:00:04]} 13. Nc5 {[%emt 0:00:07]} Qc8 {[%emt 0:00:03]} 14. Nd3 {[%emt 0:00:08]} O-O {[%emt 0:00:05]} 15. Re1 {[%emt 0:00:28]} Re8 {[%emt 0:06:39]} 16. Bg5 {[%emt 0:09:24]} Qc7 {[%emt 0:11:10]} 17. c3 {[%emt 0:02:14]} Nc4 {[%emt 0:05:49]} 18. Nf5 Bd8 {[%emt 0:15:51]} 19. Qa4 {[%emt 0:32:01]} Re6 {[%emt 0:13:30]} 20. Nd4 {[%emt 0:05:39]} Rxe1+ {[%emt 0:05:28]} 21. Rxe1 {[%emt 0:00:03]} h6 {[%emt 0:01:38]} 22. Bf4 {[%emt 0:00:42]} Qc8 {[%emt 0:05:12]} 23. b3 {[%emt 0:06:03]} Na5 {[%emt 0:22:34]} 24. Bd2 {[%emt 0:04:08]} Bb6 {[%emt 0:01:15]} 25. Kh1 {[%emt 0:00:10]} Nc6 {[%emt 0:02:24]} 26. Nxc6 {[%emt 0:03:48]} bxc6 {[%emt 0:02:52]} 27. Ne5 {[%emt 0:03:25]} c5 {[%emt 0:01:24]} 28. c4 {[%emt 0:01:06]} d4 {[%emt 0:02:04]} 29. Qc6 {[%emt 0:00:18]} Qxc6 {[%emt 0:00:33]} 30. Nxc6 {[%emt 0:00:03]} Kf8 {[%emt 0:00:51]} 31. Kg1 {[%emt 0:00:18]} Rc8 {[%emt 0:00:13]} 32. Ne5 {[%emt 0:00:06]} Bc7 {[%emt 0:00:39]} 33. Nd3 {[%emt 0:00:33]} Bd6 {[%emt 0:00:04]} 34. Kf2 {[%emt 0:03:57]} Rc6 {[%emt 0:00:44]} 35. Re2 {[%emt 0:01:29]} Nd7 {[%emt 0:00:32]} 36. h3 {[%emt 0:01:45]} h5 {[%emt 0:00:20]} 37. g4 {[%emt 0:00:27]} hxg4 {[%emt 0:00:26]} 38. hxg4 {[%emt 0:00:20]} f6 {[%emt 0:00:25]} 39. f4 {[%emt 0:00:55]} Kf7 {[%emt 0:00:33]} 40. Kf3 {[%emt 0:00:00]} Rc8 {[%emt 0:00:00]} 41. Be1 {[%emt 0:05:27]} Rh8 {[%emt 0:02:49]} 42. Kg2 {[%emt 0:03:46]} g5 {[%emt 0:09:36]} 43. fxg5 {[%emt 0:03:41]} Rh2+ {[%emt 0:03:12]} 44. Kf1 {[%emt 0:00:01]} Rh1+ {[%emt 0:00:11]} 45. Kg2 {[%emt 0:00:02]} Rh2+ {[%emt 0:00:04]} 46. Kf1 {[%emt 0:00:08]} Rh1+ {[%emt 0:09:41]} 1/2-1/2

[Event "World Team-ch Women 2019"]
[Site "Astana"]
[Date "2019.03.07"]
[Round "3.18"]
[White "Mkrtchian, Lilit"]
[Black "Soumya, Swaminathan"]
[Result "1-0"]
[WhiteElo "2390"]
[BlackElo "2401"]
[Annotator "ChessBase"]
[PlyCount "105"]
[EventDate "2019.02.05"]
[EventType "team-tourn"]
[EventCountry "KAZ"]
[SourceTitle "playchess.com"]
[Source "ChessBase"]
[SourceQuality "1"]
[WhiteTeam "Armenia"]
[BlackTeam "India"]
[WhiteTeamCountry "ARM"]
[BlackTeamCountry "IND"]
[TimeControl "40/5400+30:1800+30"]

1. d4 {[%emt 0:00:00]} Nf6 {[%emt 0:00:00]} 2. c4 {[%emt 0:00:04]} g6 {[%emt 0:00:27]} 3. g3 {[%emt 0:00:32]} Bg7 {[%emt 0:05:16]} 4. Bg2 {[%emt 0:00:07]} c5 {[%emt 0:00:07]} 5. Nf3 {[%emt 0:05:05]} O-O {[%emt 0:06:42]} 6. Nc3 {[%emt 0:07:39]} cxd4 {[%emt 0:03:04]} 7. Nxd4 {[%emt 0:00:14]} Nc6 {[%emt 0:00:10]} 8. O-O {[%emt 0:00:19]} Nxd4 {[%emt 0:00:48]} 9. Qxd4 {[%emt 0:00:05]} d6 {[%emt 0:00:02]} 10. Qd3 {[%emt 0:03:23]} a6 {[%emt 0:02:46]} 11. Bg5 {[%emt 0:03:58]} Rb8 {[%emt 0:05:02]} 12. a4 Be6 {[%emt 0:07:16]} 13. b3 {[%emt 0:15:46]} Re8 {[%emt 0:12:11]} 14. Rac1 {[%emt 0:07:17]} Qa5 {[%emt 0:07:00]} 15. Qd2 {[%emt 0:03:10]} Qb4 {[%emt 0:01:51]} 16. Qc2 {[%emt 0:09:29]} Rec8 {[%emt 0:04:41]} 17. Bd2 {[%emt 0:07:44]} Qc5 {[%emt 0:00:04]} 18. Qd1 {[%emt 0:14:57]} Qh5 {[%emt 0:12:52]} 19. e4 {[%emt 0:00:25]} Qxd1 {[%emt 0:08:36]} 20. Rfxd1 {[%emt 0:00:03]} Nd7 {[%emt 0:01:03]} 21. Nd5 {[%emt 0:09:16]} Bxd5 {[%emt 0:00:08]} 22. cxd5 {[%emt 0:05:40]} Nc5 {[%emt 0:01:11]} 23. Rb1 {[%emt 0:00:10]} b5 {[%emt 0:02:22]} 24. axb5 {[%emt 0:00:10]} axb5 {[%emt 0:06:18]} 25. Rdc1 {[%emt 0:00:34]} Nd3 {[%emt 0:02:34]} 26. Rxc8+ {[%emt 0:00:43]} Rxc8 {[%emt 0:00:02]} 27. Bf1 {[%emt 0:00:37]} Ne5 {[%emt 0:07:10]} 28. Rc1 {[%emt 0:05:53]} Rxc1 {[%emt 0:00:06]} 29. Bxc1 {[%emt 0:00:01]} b4 {[%emt 0:00:09]} 30. Bb5 {[%emt 0:01:04]} Nf3+ {[%emt 0:01:39]} 31. Kg2 {[%emt 0:00:09]} Nd4 {[%emt 0:00:15]} 32. Bc4 {[%emt 0:00:08]} e6 {[%emt 0:02:45]} 33. dxe6 {[%emt 0:01:07]} Nxe6 {[%emt 0:00:28]} 34. f3 {[%emt 0:00:34]} Kf8 {[%emt 0:00:55]} 35. Kf2 {[%emt 0:00:14]} Bc3 {[%emt 0:00:23]} 36. Ke3 {[%emt 0:00:41]} Nc5 {[%emt 0:00:22]} 37. Ke2 {[%emt 0:00:31]} Ke7 {[%emt 0:00:18]} 38. Bf4 {[%emt 0:00:25]} h5 {[%emt 0:00:54]} 39. Bg5+ {[%emt 0:00:28]} f6 {[%emt 0:00:28]} 40. Be3 {[%emt 0:00:00]} Kf8 {[%emt 0:00:00]} 41. Bd5 {[%emt 0:04:43]} Bb2 {[%emt 0:16:40]} 42. Bd2 {[%emt 0:02:31]} Ba3 {[%emt 0:00:05]} 43. Ke3 {[%emt 0:04:17]} Nd7 {[%emt 0:01:37]} 44. f4 {[%emt 0:00:43]} Nb6 {[%emt 0:01:50]} 45. Bc6 {[%emt 0:00:48]} Ke7 {[%emt 0:01:59]} 46. Kd3 {[%emt 0:00:14]} Kd8 {[%emt 0:01:13]} 47. Be3 {[%emt 0:00:38]} Nd7 {[%emt 0:02:56]} 48. Bxd7 {[%emt 0:15:07]} Kxd7 {[%emt 0:00:02]} 49. f5 {[%emt 0:00:43]} gxf5 {[%emt 0:00:54]} 50. exf5 {[%emt 0:00:04]} Kc6 {[%emt 0:03:58]} 51. Bd4 {[%emt 0:00:20]} Kd5 {[%emt 0:00:18]} 52. Bxf6 {[%emt 0:00:04]} Bc1 {[%emt 0:00:20]} 53. h3 {[%emt 0:03:23]} 1-0

[Event "World Team-ch Women 2019"]
[Site "Astana"]
[Date "2019.03.07"]
[Round "3.19"]
[White "Padmini, Rout"]
[Black "Sargsyan, Anna M."]
[Result "1-0"]
[WhiteElo "2332"]
[BlackElo "2340"]
[Annotator "NA"]
[PlyCount "105"]
[EventDate "2019.02.05"]
[EventType "team-tourn"]
[EventCountry "KAZ"]
[SourceTitle "playchess.com"]
[Source "ChessBase"]
[SourceQuality "1"]
[WhiteTeam "India"]
[BlackTeam "Armenia"]
[WhiteTeamCountry "IND"]
[BlackTeamCountry "ARM"]
[TimeControl "40/5400+30:1800+30"]

1. e4 {[%emt 0:00:00]} c6 {[%emt 0:00:00]} 2. Nc3 {[%emt 0:00:00]} d5 {[%emt 0:00:00]} 3. Nf3 {[%emt 0:00:00]} Bg4 {[%emt 0:00:00]} 4. Be2 {[%emt 0:00:10]} Nf6 {[%emt 0:00:46]} 5. h3 {[%emt 0:00:18]} Bxf3 {[%emt 0:00:05]} 6. Bxf3 {[%emt 0:00:08]} d4 {[%emt 0:00:05]} 7. Ne2 {[%emt 0:00:36]} e5 {[%emt 0:00:06]} 8. d3 {[%emt 0:00:58]} h6 {[%emt 0:02:43]} 9. O-O {[%emt 0:02:52]} Qd7 {[%emt 0:06:02]} 10. Ng3 {[%emt 0:03:34]} g6 {[%emt 0:06:18]} 11. Be2 {[%emt 0:12:20]} Bd6 {[%emt 0:05:48]} 12. f4 {[%emt 0:00:21]} c5 $14 {[%emt 0:01:54]} 13. fxe5 {[%emt 0:00:56]} Bxe5 {[%emt 0:00:18]} 14. Bf4 {[%emt 0:00:08]} Qd6 {[%emt 0:01:12]} 15. Bxe5 {[%emt 0:08:23]} Qxe5 {[%emt 0:00:20]} 16. Rf3 Nc6 {[%emt 0:06:52]} 17. Qd2 {[%emt 0:07:22]} Nd7 {[%emt 0:03:23]} 18. Raf1 {[%emt 0:00:15]} Qd6 {[%emt 0:02:49]} 19. Bd1 {[%emt 0:11:31]} Nce5 {[%emt 0:01:20]} 20. R3f2 {[%emt 0:00:11]} O-O-O {[%emt 0:09:13]} 21. Ne2 {[%emt 0:00:09]} Kb8 {[%emt 0:12:44]} 22. a3 {[%emt 0:02:44]} c4 {[%emt 0:08:43]} 23. Nc1 {[%emt 0:07:19]} h5 {[%emt 0:03:24]} 24. Be2 {[%emt 0:00:53]} Nc5 {[%emt 0:05:15]} 25. Qf4 {[%emt 0:01:39]} Ne6 {[%emt 0:03:44]} 26. Qd2 {[%emt 0:01:24]} Qc6 {[%emt 0:11:26]} 27. dxc4 {[%emt 0:03:16]} Qxe4 {[%emt 0:00:19]} 28. Bd3 {[%emt 0:01:09]} Qh4 {[%emt 0:02:19]} 29. Qe1 {[%emt 0:05:19]} Qg5 {[%emt 0:02:59]} 30. Re2 {[%emt 0:01:50]} Nxd3 {[%emt 0:02:20]} 31. Nxd3 {[%emt 0:00:10]} Rhf8 {[%emt 0:00:52]} 32. Re5 {[%emt 0:04:36]} Qe7 {[%emt 0:01:54]} 33. Nf4 {[%emt 0:02:10]} Rfe8 {[%emt 0:00:16]} 34. Nd5 {[%emt 0:00:29]} Qf8 {[%emt 0:00:31]} 35. Qg3 {[%emt 0:04:22]} h4 {[%emt 0:00:24]} 36. Qxh4 {[%emt 0:05:58]} Qd6 {[%emt 0:00:51]} 37. Rfe1 {[%emt 0:06:26]} a6 {[%emt 0:00:28]} 38. b4 {[%emt 0:00:40]} Qc6 {[%emt 0:00:32]} 39. Qf2 {[%emt 0:05:46]} Rf8 {[%emt 0:00:18]} 40. Nf6 {[%emt 0:00:00]} Nc7 {[%emt 0:00:00]} 41. Nh7 {[%emt 0:14:35]} Rh8 {[%emt 0:01:22]} 42. Rc5 {[%emt 0:02:07]} Qd7 {[%emt 0:02:37]} 43. Nf6 {[%emt 0:00:05]} Qd6 {[%emt 0:00:19]} 44. Ne4 {[%emt 0:00:18]} Qd7 {[%emt 0:00:55]} 45. Re5 {[%emt 0:00:20]} Qa4 {[%emt 0:02:58]} 46. Re7 {[%emt 0:03:41]} f5 {[%emt 0:09:50]} 47. Nc5 {[%emt 0:01:29]} Qc6 {[%emt 0:00:31]} 48. Qg3 {[%emt 0:01:03]} Rd6 {[%emt 0:01:19]} 49. Nd3 {[%emt 0:04:18]} Rc8 {[%emt 0:03:54]} 50. a4 {[%emt 0:00:11]} Rdd8 {[%emt 0:01:21]} 51. b5 {[%emt 0:00:26]} axb5 {[%emt 0:01:42]} 52. axb5 {[%emt 0:00:50]} Qd6 {[%emt 0:00:09]} 53. Qg5 {[%emt 0:00:54]} 1-0

[Event "World Team-ch Women 2019"]
[Site "Astana"]
[Date "2019.03.07"]
[Round "3.20"]
[White "Gevorgyan, Maria"]
[Black "Kulkarni Bhakti"]
[Result "0-1"]
[WhiteElo "2264"]
[BlackElo "2322"]
[Annotator "NA"]
[PlyCount "80"]
[EventDate "2019.02.05"]
[EventType "team-tourn"]
[EventCountry "KAZ"]
[SourceTitle "playchess.com"]
[Source "ChessBase"]
[SourceQuality "1"]
[WhiteTeam "Armenia"]
[BlackTeam "India"]
[WhiteTeamCountry "ARM"]
[BlackTeamCountry "IND"]
[TimeControl "40/5400+30:1800+30"]

1. e4 {[%emt 0:00:00]} c6 {[%emt 0:00:00]} 2. Nc3 {[%emt 0:00:00]} d5 {[%emt 0:00:05]} 3. Nf3 {[%emt 0:00:00]} dxe4 {[%emt 0:00:11]} 4. Nxe4 {[%emt 0:00:06]} Nf6 {[%emt 0:00:09]} 5. Nxf6+ {[%emt 0:01:38]} exf6 {[%emt 0:00:04]} 6. d4 {[%emt 0:00:50]} Bd6 {[%emt 0:00:37]} 7. Bd3 {[%emt 0:06:42]} O-O {[%emt 0:04:48]} 8. Be3 {[%emt 0:09:00]} Qc7 {[%emt 0:05:15]} 9. Qd2 {[%emt 0:03:18]} Be6 {[%emt 0:04:14]} 10. c3 {[%emt 0:05:34]} Nd7 {[%emt 0:01:26]} 11. Qc2 {[%emt 0:02:36]} h6 {[%emt 0:01:52]} 12. h3 c5 {[%emt 0:03:36]} 13. O-O-O {[%emt 0:15:08]} Nb6 {[%emt 0:05:38]} 14. Kb1 {[%emt 0:03:21]} c4 {[%emt 0:06:31]} 15. Be4 {[%emt 0:00:48]} Nd5 {[%emt 0:01:04]} 16. Nh4 {[%emt 0:12:17]} Rfe8 {[%emt 0:05:12]} 17. Qe2 {[%emt 0:09:08]} Bf8 {[%emt 0:12:14]} 18. Qf3 {[%emt 0:02:55]} Rad8 {[%emt 0:00:21]} 19. Bd2 {[%emt 0:03:12]} b5 {[%emt 0:04:46]} 20. Nf5 {[%emt 0:03:36]} b4 {[%emt 0:03:14]} 21. cxb4 {[%emt 0:01:02]} Nxb4 {[%emt 0:12:20]} 22. Nxg7 {[%emt 0:00:55]} c3 {[%emt 0:02:05]} 23. Nxe6 {[%emt 0:17:09]} c2+ {[%emt 0:00:26]} 24. Bxc2 {[%emt 0:00:53]} Qxc2+ {[%emt 0:00:03]} 25. Ka1 {[%emt 0:00:02]} Rxe6 {[%emt 0:01:22]} 26. Bxb4 {[%emt 0:00:19]} Bxb4 {[%emt 0:00:38]} 27. d5 {[%emt 0:00:03]} Rb6 {[%emt 0:00:57]} 28. Rc1 {[%emt 0:00:25]} Qg6 {[%emt 0:03:12]} 29. Rc4 {[%emt 0:00:20]} f5 {[%emt 0:00:50]} 30. Kb1 {[%emt 0:03:09]} f4+ {[%emt 0:02:20]} 31. Ka1 {[%emt 0:00:23]} Bd6 {[%emt 0:00:08]} 32. Qe2 {[%emt 0:00:39]} Rdb8 {[%emt 0:00:19]} 33. Rc2 {[%emt 0:00:05]} Qg7 {[%emt 0:00:33]} 34. Kb1 {[%emt 0:00:10]} Be5 {[%emt 0:01:01]} 35. b3 {[%emt 0:00:02]} a5 {[%emt 0:00:30]} 36. Qe4 {[%emt 0:00:09]} Rb4 {[%emt 0:00:38]} 37. Qf5 {[%emt 0:00:25]} a4 {[%emt 0:01:41]} 38. Rhc1 {[%emt 0:00:03]} Qg6 {[%emt 0:00:52]} 39. Qxe5 {[%emt 0:00:53]} axb3 {[%emt 0:00:10]} 40. axb3 {[%emt 0:00:00]} Rxb3+ {[%emt 0:00:00]} 0-1

[Event "World Team-ch Women 2019"]
[Site "Astana"]
[Date "2019.03.08"]
[Round "4.1"]
[White "Lagno, Kateryna"]
[Black "Karavade, Eesha"]
[Result "1-0"]
[WhiteElo "2559"]
[BlackElo "2357"]
[Annotator "TA"]
[PlyCount "77"]
[EventDate "2019.02.05"]
[EventType "team-tourn"]
[EventCountry "KAZ"]
[SourceTitle "playchess.com"]
[Source "ChessBase"]
[SourceQuality "1"]
[WhiteTeam "Russia"]
[BlackTeam "India"]
[WhiteTeamCountry "RUS"]
[BlackTeamCountry "IND"]

{[%evp 14,77,22,25,22,22,31,22,66,64,60,62,70,70,93,82,86,87,87,84,93,86,83,71,71,58,109,74,74,65,91,78,76,62,59,60,101,95,202,145,140,126,156,50,51,12,16,-11,-11,-73,-64,-81,-87,-195,-196,-201,-207,-300,-222,-256,-255,-248,-71,-96,29996,29997]} 1. e4 c5 2. Nf3 d6 3. Bb5+ Nc6 4. O-O Bd7 5. Re1 a6 6. Bxc6 Bxc6 7. d4 cxd4 8. Nxd4 Rc8 {B51: Sicilian: Moscow Variation (3 Bb5+) without 3...Bd7} 9. Bg5 Qa5 10. Bf4 $146 ({Predecessor:} 10. Bh4 e6 11. Nc3 Be7 12. Bxe7 Nxe7 13. Qd2 O-O 14. Rad1 Rfd8 15. Qe3 Be8 16. h3 {1-0 (84) Rublevsky,S (2649)-Kharlov,A (2613) chessassistantclub.com INT 2004}) 10... e5 {The position is equal.} 11. Nxc6 Rxc6 12. Bd2 Qd8 13. b3 h6 14. c4 Nf6 15. Nc3 Be7 16. a4 O-O 17. Be3 Nh7 18. Ra2 Bg5 19. Rd2 Kh8 (19... Re8 $14) 20. g3 Bxe3 21. Rxe3 Ng5 22. Red3 Qa5 23. h4 Ne6 24. Kg2 Rd8 25. Nd5 {Hoping for b4.} b5 (25... Rd7 $16 {was worth a try.}) 26. axb5 axb5 27. b4 Qa6 28. cxb5 (28. Ne7 $1 $16) 28... Qxb5 $14 29. Qh5 Rf8 30. Rf3 Rc1 {( -> ...Qf1+)} 31. Rfd3 {[#]} (31. Rxf7 $11 {keeps the balance.} Qf1+ 32. Kf3 Qh1+ 33. Kg4 Qxe4+ 34. f4) 31... Qc4 $1 $17 32. Qe2 Nd4 $36 {[%mdl 2048] Black has strong initiative.} 33. Qe3 (33. Rxd4 $17 {was forced.} Qxe2 34. Rxe2 exd4 35. Rd2) 33... Nc2 $19 34. Rxc2 Rxc2 (34... Qxc2 $2 {is the wrong capture.} 35. Rc3 $18) 35. Qf3 (35. g4 {was necessary.}) 35... Rc1 36. Ne7 Ra8 37. Rxd6 Qf1+ $2 ({Weaker is} 37... Qxb4 {[#]} 38. Rxh6+ $1 {[%mdl 512]} gxh6 39. Qf6+ Kh7 40. Qxf7+ Kh8 41. Ng6#) (37... Ra2 $19 38. Rd8+ Kh7) 38. Kh2 $17 {Threatening mate with Rxh6+!} Rc2 $2 {[%mdl 8192] [#]} (38... Rf8 $17 39. Qg2 Qe2) 39. Rxh6+ $1 {[%mdl 512] Accuracy: White = 40%, Black = 34%.} 1-0

[Event "World Team-ch Women 2019"]
[Site "Astana"]
[Date "2019.03.08"]
[Round "4.2"]
[White "Soumya, Swaminathan"]
[Black "Kosteniuk, Alexandra"]
[Result "1/2-1/2"]
[WhiteElo "2401"]
[BlackElo "2545"]
[Annotator "TA"]
[PlyCount "155"]
[EventDate "2019.02.05"]
[EventType "team-tourn"]
[EventCountry "KAZ"]
[SourceTitle "playchess.com"]
[Source "ChessBase"]
[SourceQuality "1"]
[WhiteTeam "India"]
[BlackTeam "Russia"]
[WhiteTeamCountry "IND"]
[BlackTeamCountry "RUS"]

{[%evp 12,155,14,6,16,10,18,0,19,19,25,33,41,14,8,0,0,-22,-38,-47,-14,-54,-22,-146,-153,-143,-35,-60,-37,-92,-65,-75,-36,-29,-26,-22,35,29,49,42,157,130,151,136,129,130,176,79,87,87,87,87,91,91,91,91,79,71,72,70,72,65,80,72,80,65,60,56,59,57,79,79,99,94,104,81,101,101,100,74,74,74,91,91,91,91,91,91,91,0,91,91,91,91,91,61,91,76,86,86,205,203,204,141,257,147,180,128,220,212,443,122,122,122,122,114,114,114,114,114,114,114,114,114,114,114,114,0,114,114,114,114,114,114,114,114,114,0,114,0,114,0,114,0,114,0]} 1. e4 e5 2. Bc4 Nc6 3. Nf3 Bc5 4. d3 Nf6 5. Nbd2 d6 6. c3 O-O 7. O-O a5 {C54: Giuoco Piano: 4 c3 Nf6, main lines with 5 d4 and 5 d3} (7... a6 8. Bb3 Ba7 9. h3 h6 10. Re1 Re8 11. Nh2 Be6 12. Qf3 Bxb3 13. axb3 Qd7 14. Ndf1 Qe6 15. b4 Ne7 16. Ng3 c6 17. Ng4 Nxg4 18. Qxg4 Qxg4 19. hxg4 {½-½ (31) Karjakin,S (2753)-Anand,V (2773) Kolkata 2018}) 8. h3 Bd7 9. Bb3 $146 ({Predecessor:} 9. a4 h6 10. Re1 Be6 11. Bb5 Na7 12. Bc4 Nc6 13. Bb5 Na7 14. Bc4 Nc6 {½-½ (14) Antoniewski,R (2540)-Predojevic,B (2640) Austria 2017}) 9... Ba7 {The position is equal.} 10. Re1 Ne7 11. a4 Ng6 12. d4 Bc6 13. Qc2 Re8 14. dxe5 Nxe5 15. Nd4 Bd7 16. Nb5 Bc5 17. Re2 {[#]} (17. Nd4 $11) 17... Nh5 $1 $17 {[%cal Rh5f4]} 18. Nf1 Ng6 (18... Qh4 $17 19. Be3 (19. Nxc7 $2 Bxh3 20. gxh3 Qxh3 $19) 19... Bxh3 20. gxh3 Qxh3) 19. Nd4 $15 Qf6 20. Bd2 (20. Be3 $15) 20... Bb6 21. Rd1 Nhf4 22. Bxf4 $1 Nxf4 23. Re3 $1 c5 (23... Qg6 $11 24. Ng3 Be6) 24. Nf5 $14 Bxf5 25. exf5 h6 (25... d5 $14) 26. Rde1 Re5 27. Rxe5 dxe5 28. Bc4 Qc6 {[%csl Gf4][%cal Rc6g2]} 29. Qe4 (29. Ne3 $18 {is more deadly.}) 29... Qxe4 30. Rxe4 Bc7 31. h4 Rd8 32. g3 Nh5 33. Re2 Nf6 34. Rd2 (34. Nd2 {keeps more tension.} Kf8 35. Kg2 Ne8 36. Nf1 Nf6 37. Bb3) 34... Kf8 35. Rxd8+ Bxd8 $16 {[%mdl 4096] Endgame KBN-KBN} 36. Ne3 b6 37. Kf1 Ke7 38. Ke2 Ne4 39. Bd5 Nd6 40. Kd3 Kd7 41. Ng4 f6 42. Ne3 Kc7 43. f3 Be7 44. g4 Bf8 45. b3 Be7 46. Nf1 h5 47. Ng3 hxg4 48. fxg4 Kd7 49. Nh5 Bf8 50. Ng3 Be7 51. Nf1 Bd8 52. Nd2 Be7 53. Nf3 Bd8 54. Be4 b5 55. axb5 c4+ (55... Nxb5 $16 {was called for.} 56. Nd2 Nd6) 56. bxc4 $18 Bb6 57. Bc6+ Kc7 (57... Ke7 $16 58. Bd5 Bc5) 58. Nd2 ({Better is} 58. h5 $18) 58... a4 59. Bd5 (59. h5 $18) 59... Bf2 (59... Kd7 $16 60. h5 Ke7) 60. h5 {Black must now prevent g5!} Kb6 $2 {[#]} (60... Kd8 61. g5 Ke8) 61. Ne4 $2 (61. g5 $1 $18 {and the rest is easy. aiming for h6.} Nxf5 (61... fxg5 62. f6) 62. Be6) 61... Nxe4 $16 62. Bxe4 {Threatens to win with g5! KB-KB} Bc5 63. Kc2 Be7 64. Kb2 Ka5 65. Bd5 Bf8 66. Bc6 Be7 67. Bf3 Bf8 68. Ka2 Be7 69. Kb2 Bf8 $1 70. Kc2 Kb6 71. Kd3 Kc5 72. Bd5 Kb6 73. Kc2 Ka5 74. Bf3 Kb6 $1 75. Kd3 Kc5 $1 76. Bd5 Kb6 $1 77. Bf3 Kc5 $1 78. Bd5 {Accuracy: White = 44%, Black = 42%.} (78. Be4 $16) 1/2-1/2

[Event "World Team-ch Women 2019"]
[Site "Astana"]
[Date "2019.03.08"]
[Round "4.3"]
[White "Goryachkina, Aleksandra"]
[Black "Tania, Sachdev"]
[Result "1-0"]
[WhiteElo "2504"]
[BlackElo "2400"]
[Annotator "TA"]
[PlyCount "147"]
[EventDate "2019.02.05"]
[EventType "team-tourn"]
[EventCountry "KAZ"]
[SourceTitle "playchess.com"]
[Source "ChessBase"]
[SourceQuality "1"]
[WhiteTeam "Russia"]
[BlackTeam "India"]
[WhiteTeamCountry "RUS"]
[BlackTeamCountry "IND"]

{[%evp 10,147,-14,-17,3,0,9,3,0,0,35,25,28,44,148,154,147,141,150,143,160,133,137,125,132,132,130,114,118,56,70,45,51,46,41,51,50,60,43,55,47,28,38,27,24,8,24,24,24,24,24,0,0,0,0,0,0,0,0,0,0,0,0,0,0,0,0,0,0,0,124,127,120,113,120,116,135,116,126,135,131,120,130,120,90,89,338,309,279,215,296,283,296,279,297,297,349,339,348,347,395,395,558,518,544,522,389,353,1221,1200,1241,1341,1291,1070,2109,809,1762,1593,1557,1467,3251,2816,5124,5118,5085,4332,5072,4322,2835,3065,29983,29984,29984,29985,29985,29986,29988,29989,29990,29991]} 1. d4 Nf6 2. c4 e6 3. Nc3 Bb4 4. f3 O-O 5. a3 Bxc3+ 6. bxc3 Nh5 {E27: Nimzo-Indian: Sämisch: 5...0-0 6 f3} 7. Nh3 f5 8. e4 fxe4 {The position is equal.} 9. Ng5 $146 ({Predecessor:} 9. Be2 Nf6 10. O-O d6 11. Ng5 exf3 12. Bxf3 h6 13. Ne4 Nbd7 14. Bf4 {1-0 (28) Volkov,S (2645)-Sjugirov,S (2650) St Petersburg 2017}) 9... Nf4 10. Nxe4 d5 11. Nf2 $36 {[%mdl 2048] White is pushing.} dxc4 ({Better is} 11... c5 $14) 12. Bxf4 $1 $16 Rxf4 13. Bxc4 Nc6 14. O-O Ne7 15. Qd2 Rf8 16. Rae1 Nd5 17. Re5 c6 18. Rc1 Bd7 19. Ne4 (19. Bd3 $16) 19... Rf5 $14 20. Rxf5 exf5 21. Nc5 b6 22. Nd3 Be6 23. Re1 Qd6 24. Re5 g6 25. Qe1 Bf7 26. Bxd5 cxd5 27. a4 Rc8 28. Re7 Rc7 29. Rxc7 Qxc7 30. h4 Qc4 31. Ne5 Qxa4 32. h5 Qe8 33. h6 {Strongly threatening Qh4.} Qe7 34. Qg3 a5 35. Kf2 Be8 36. Nd3 a4 37. Qb8 a3 38. Qa8 Kf8 39. g3 Qg5 (39... g5 $11) 40. Qxa3+ Kg8 41. Qa8 {[%cal Ra8e8] [#]} Kf8 42. Nf4 {Black must now prevent Ne6+.} Qxh6 43. Qxd5 Qh2+ 44. Ng2 Qh6 45. f4 Qg7 46. Qd6+ Qe7 47. Qxb6 {Hoping for c4.} Qe4 $2 {[#]} (47... Qa3 $16) 48. Qd6+ Kf7 49. Qc7+ Kf8 50. Qc5+ ({Stronger than} 50. Qxh7 Qc2+ 51. Kf1 Qxc3 $11) 50... Kf7 51. Ne3 Qb1 52. d5 Qb2+ 53. Kf3 Qb1 54. c4 {[%cal Bc3c4,Bc4c5][%mdl 32]} h5 55. Qc7+ Kf8 (55... Kg8 {was called for.} 56. Qe5 Qh1+ 57. Kf2 Bf7 58. Qb8+ Kg7) 56. Qd6+ $18 Kf7 57. Qe6+ Kf8 58. Qf6+ Bf7 $2 (58... Kg8 59. c5 h4) 59. c5 Kg8 60. Qd8+ Kg7 61. Qe7 Kg8 62. Qe5 (62. c6 $142 h4 63. c7 Qe4+ 64. Qxe4 fxe4+ 65. Kxe4 Kh7 66. c8=Q h3 67. Qxh3+ Kg7 68. d6) 62... Qh1+ 63. Kf2 h4 64. gxh4 Qxh4+ 65. Ke2 Qh2+ 66. Kd3 Qa2 67. c6 Qb1+ 68. Kc4 Qa2+ 69. Kb4 Qb1+ 70. Kc5 {White mates.} Qc1+ 71. Nc4 Qg1+ 72. Qd4 Qe1 73. c7 Qe7+ 74. d6 {Accuracy: White = 68%, Black = 47%.} 1-0